[Event "21st Alekhine Master 2017"]
[Site "Voronezh"]
[Date "2017.06.12"]
[Round "1"]
[White "Ovchinnikov, Vsevolod"]
[Black "Rozum, Ivan"]
[Result "1-0"]
[WhiteElo "2325"]
[BlackElo "2599"]
[Annotator "TA"]
[PlyCount "105"]
[EventDate "2017.??.??"]
[EventType "swiss"]
[EventCountry "RUS"]
[SourceTitle "playchess.com"]
[Source "ChessBase"]
[SourceQuality "1"]

{[%evp 13,105,100,102,79,93,85,95,94,79,80,91,90,89,89,105,56,83,73,80,75,72,71,114,117,116,89,84,91,91,90,94,95,97,97,106,106,107,102,110,83,103,65,62,0,105,90,202,212,402,316,396,404,397,395,494,484,523,500,521,517,519,443,600,520,609,539,518,537,489,402,379,386,543,545,539,532,522,493,592,513,822,820,815,802,1263,918,1075,825,6195,6195,29988,1508,29989,29990]} 1. d4 Nf6 2. c4 c5 3. d5 e5 4. Nc3 d6 5. e4 Be7 6. Bd3 Nbd7 7. Nge2 O-O 8. Be3 {A56: Czech Benoni} (8. O-O Ne8 9. a3 Bg5 10. b4 Bxc1 11. Qxc1 b6 12. Rb1 cxb4 13. axb4 a5 14. Qc2 axb4 15. Rxb4 Nc5 16. Na4 Bd7 17. Nxb6 Ra3 18. Nc3 Nf6 19. Rfb1 {1-0 (54) Anand,V (2801)-Korotylev,A (2600) Moscow 2007}) 8... Ng4 9. Bd2 $1 Bg5 10. h3 {White is better.} Bxd2+ 11. Qxd2 Ngf6 12. g4 Ne8 $146 ({Predecessor:} 12... a6 13. a4 Rb8 14. Ng3 Ne8 15. Kf1 Nc7 {1-0 (60) Miszczak,M (1965)-Bajerlein,D (2067) Poland 2012}) 13. Ng3 Nc7 14. a4 Nb8 15. Be2 Nba6 16. Qe3 Nb4 17. Kd2 g6 18. h4 {[%cal Bh3h4,Bh4h5,Bh5h6][%mdl 32]} Qf6 19. Bf3 Bd7 20. h5 g5 21. h6 Kh8 22. Rh5 Rg8 23. Nf5 Ne8 24. Be2 Qd8 25. Rh3 Rg6 26. Rhh1 Bc8 27. Ra3 Nf6 28. Raa1 (28. Qf3 $14) 28... Ng8 (28... Ne8 $1 $11 {remains equal.}) 29. Rh5 $16 Na6 {[#]} (29... f6 $16 {keeps fighting.}) 30. Nb5 $1 $18 Nb8 $2 (30... Bd7 31. Nbxd6 Qf8) 31. Nbxd6 Rxd6 32. Nxd6 Qxd6 33. Qxg5 {[%csl Gh6][%cal Rg5g7]} Qg6 34. Qxg6 ({Not} 34. Qxe5+ f6 $18) 34... hxg6 35. Rxe5 Bd7 {White should prevent ...f6.} 36. g5 Na6 37. f4 Rf8 38. Rh1 Kh7 39. b3 f6 40. gxf6 Rxf6 41. Ke3 Nb4 42. Bd1 Rxf4 {[#]} (42... Rf7 $142 43. Rg5 Be8) 43. Re7+ $1 {[%mdl 512]} Nxe7 44. Kxf4 Nd3+ {[#]} 45. Kg5 $1 Nf2 46. Re1 Ng8 (46... b6 $142 47. e5 Nh3+ 48. Kf6 Ng8+ 49. Kf7 Ng5+ 50. Kf8 Bf5) 47. e5 Nh3+ 48. Kh4 Bf5 49. Bg4 Nf4 50. Kg5 Nd3 {[#]} 51. Bxf5 $1 {[%mdl 512]} Nxe1 (51... gxf5 52. Re3) 52. Bxg6+ Kh8 53. Be4 {Precision: White = 64%, Black = 38%.} 1-0

[Event "21st Alekhine Master 2017"]
[Site "Voronezh"]
[Date "2017.06.12"]
[Round "1"]
[White "Vaishali R"]
[Black "Bocharov, Dmitry"]
[Result "1-0"]
[WhiteElo "2312"]
[BlackElo "2579"]
[Annotator "TA"]
[PlyCount "103"]
[EventDate "2017.??.??"]
[EventType "swiss"]
[EventCountry "RUS"]
[SourceTitle "playchess.com"]
[Source "ChessBase"]
[SourceQuality "1"]

{[%evp 21,103,18,50,41,48,51,54,32,41,22,31,10,34,21,94,95,93,33,27,27,28,29,31,36,36,32,27,25,25,25,45,39,37,37,35,37,45,0,10,0,0,0,0,0,0,0,0,0,0,0,0,0,9,14,114,101,159,159,243,252,232,136,347,293,319,280,277,257,408,419,411,412,535,470,455,461,454,454,447,441,641,659,461,-1679]} 1. Nf3 c5 2. e4 e6 3. d4 cxd4 4. Nxd4 a6 5. Be2 Nf6 6. Nc3 Qc7 7. O-O d6 8. f4 Nbd7 9. a4 b6 10. Bf3 Bb7 11. Qe2 e5 {LiveBook: 5 Games. B84: Sicilian Scheveningen: 6 Be2 a6, lines without early Be3} (11... Rc8 12. Be3 Qc4 13. Qf2 h5 14. h3 Nc5 15. e5 Nfe4 16. Nxe4 Nxe4 17. Bxe4 Bxe4 18. Rad1 dxe5 19. fxe5 {½-½ (57) Popov,I (2609)-Nepomniachtchi,I (2716) Tyumen 2012}) 12. Nd5 Nxd5 13. exd5 g6 $1 {White is slightly better.} 14. Nc6 Bg7 $1 15. fxe5 (15. f5 $5) 15... Nxe5 16. Nxe5 Bxe5 17. Bh6 O-O-O $146 (17... f6 $11 {keeps the balance.}) ({Predecessor:} 17... f6 18. c4 Kf7 19. Bg4 Bc8 20. Bxc8 Raxc8 21. Rxf6+ Kxf6 22. Qg4 Qc5+ 23. Kh1 Ke7 24. Bg5+ {1-0 (24) Smyslov,V (2580)-Grigorian,K (2485) Moscow 1976}) 18. Be3 $16 Bxb2 19. Ra2 ({White should play} 19. Rab1 $16 Ba3 20. Bxb6 Bc5+ 21. Bxc5 Qxc5+ 22. Qf2) 19... Bc3 $14 20. Rb1 Rhe8 21. Qd3 {[#]} Rxe3 $1 {[%mdl 512]} 22. Qxe3 Qc4 {...Bd4 is the strong threat.} 23. Kh1 ({Not} 23. Rxb6 $2 Bd4 $19) 23... Bd4 24. Qb3 Qxb3 25. cxb3 Re8 26. Re2 Be5 27. g3 Kd8 28. Kg2 f5 29. h4 Re7 30. Rc1 a5 31. Rd2 h6 32. Rc4 g5 33. hxg5 hxg5 34. Kf2 Rh7 (34... g4 $5 {[%cal Rg4f3]} 35. Bg2 Rh7 $11) 35. Bg2 Rf7 36. Rd1 f4 37. g4 Bb2 (37... Rh7 $11) 38. Be4 $16 Re7 {[#]} (38... Rf8 $142) 39. Kf3 $1 Ba3 (39... Bg7 $16 {was called for.} 40. Rh1 Re5) 40. Rh1 $18 Bc5 41. Rh8+ (41. Rcc1 $18) 41... Kc7 $2 (41... Re8 $16 42. Rxe8+ Kxe8) 42. Rc2 b5 43. Rch2 bxa4 44. bxa4 Ba6 (44... Bd4 {was worth a try.}) 45. R2h7 Rxh7 46. Rxh7+ {[%mdl 4096] Endgame KRB-KB} ({Inferior is} 46. Bxh7 Bc4 $11) 46... Kb6 47. Rg7 {White is clearly winning.} Bc4 48. Rxg5 Bb3 49. Rg8 {Strongly threatening Rb8+.} Bxa4 50. g5 Bd1+ (50... Bd4 $142 51. g6 Be5) 51. Kxf4 Bd4 52. Rg7 $4 {[%mdl 40960] Precision: White = 75%, Black = 51%. . Loss on Time!?} (52. Kf5 $18) 1-0

[Event "21st Alekhine Master 2017"]
[Site "Voronezh"]
[Date "2017.06.12"]
[Round "1"]
[White "Yashmetov, Mikhail"]
[Black "Chigaev, Maksim"]
[Result "0-1"]
[WhiteElo "2308"]
[BlackElo "2561"]
[Annotator "TA"]
[PlyCount "27"]
[EventDate "2017.??.??"]
[EventType "swiss"]
[EventCountry "RUS"]
[SourceTitle "playchess.com"]
[Source "ChessBase"]
[SourceQuality "1"]

{[%evp 20,27,-20,-31,-14,-41,-12,-39,0,-45]} 1. Nf3 Nf6 2. g3 b6 3. Bg2 Bb7 4. O-O g6 5. b3 Bg7 6. Bb2 O-O 7. d3 d5 8. c4 e6 9. Nbd2 c5 10. Qc2 {A30: Symmetrical English: Double Fianchetto and Hedgehog} (10. e3 Nc6 11. Qe2 Qc7 12. Rac1 e5 13. cxd5 Nxd5 14. a3 Rad8 15. Rc2 Rfe8 16. Nc4 Qd7 17. Qd1 Nc7 18. Bxe5 Bxe5 19. Nfxe5 Nxe5 20. Nxe5 Rxe5 21. Bxb7 Qxd3 22. Qxd3 Rxd3 {½-½ (84) Hansen,E (2574)-Troff,K (2541) Caleta 2015}) 10... Nc6 11. a3 {LiveBook: 3 Games} Rc8 12. Rac1 Re8 $146 ({Predecessor:} 12... Qe7 13. Qb1 d4 14. b4 e5 15. bxc5 bxc5 16. Qc2 Ba8 17. Rb1 Nd7 {0-1 (36) Gross,S (2351)-Jirovsky,M (2464) Pribram 2002}) 13. Qb1 a5 14. Ne5 0-1

[Event "21st Alekhine Master 2017"]
[Site "Voronezh"]
[Date "2017.06.12"]
[Round "1"]
[White "Yeritsyan, Aram"]
[Black "Shaposhnikov, Evgeny"]
[Result "0-1"]
[WhiteElo "2295"]
[BlackElo "2557"]
[Annotator "TA"]
[PlyCount "29"]
[EventDate "2017.??.??"]
[EventType "swiss"]
[EventCountry "RUS"]
[SourceTitle "playchess.com"]
[Source "ChessBase"]
[SourceQuality "1"]

{[%evp 18,29,46,-18,-21,-23,-20,-55,-47,-236,-200,-226,-95,-150]} 1. e4 c5 2. Nf3 d6 3. d4 Nf6 4. Nc3 cxd4 5. Nxd4 Nc6 6. Bg5 e6 7. Qd2 a6 8. O-O-O Bd7 9. f4 Be7 10. Bxf6 (10. Nb3 $14) 10... Bxf6 $11 {B68: Sicilian: Richter-Rauzer: 7...a6 8 0-0-0 Bd7 9 f4 Be7} 11. Nb3 Be7 12. Kb1 (12. h4 b5 13. Nd4 Qb6 14. Nce2 O-O 15. g4 Rfc8 16. g5 Na5 {0-1 (47) Atabayev,Y (2415)-Eliseev,U (2518) Moscow 2015}) 12... b5 $1 13. Bxb5 $146 {[#]} (13. h4 $15) ({Predecessor:} 13. g4 Na5 14. Qd4 Nxb3 15. cxb3 O-O 16. f5 Bc6 17. Rg1 Qc7 18. g5 {1-0 (45) Dihel,K-Vinklarek,V Czechoslovakia 1982}) 13... axb5 $19 14. Nxb5 Na5 (14... O-O $19 {aiming for ...Qb6.} 15. Nxd6 Qb6) 15. Nxa5 ({White should play} 15. Nxd6+ Bxd6 16. Qxd6) 0-1

[Event "21st Alekhine Master 2017"]
[Site "Voronezh"]
[Date "2017.06.12"]
[Round "1"]
[White "Anchutin, Nikita"]
[Black "Tran, Tuan Minh"]
[Result "1/2-1/2"]
[WhiteElo "2282"]
[BlackElo "2542"]
[Annotator "TA"]
[PlyCount "86"]
[EventDate "2017.??.??"]
[EventType "swiss"]
[EventCountry "RUS"]
[SourceTitle "playchess.com"]
[Source "ChessBase"]
[SourceQuality "1"]

{[%evp 21,86,27,31,20,16,13,47,56,71,8,8,0,0,0,0,-22,-21,-7,16,0,16,0,8,11,29,29,47,29,38,25,122,122,122,114,124,126,122,122,125,129,184,143,158,157,153,132,178,154,159,157,160,153,151,0,163,165,194,141,158,0,160,145,156,149,147,150,146]} 1. d4 Nf6 2. Nf3 e6 3. c4 b6 4. g3 Bb7 5. Bg2 Be7 6. O-O O-O 7. Nc3 Ne4 8. Bd2 c5 9. d5 exd5 10. cxd5 Nxd2 11. Nxd2 d6 {LiveBook: 11 Games. E18: Queen's Indian: Old Main Line (4 g3 Bb7 5 Bg2 Be7 6 0-0 0-0 7 Nc3)} 12. a4 (12. Qc2 Nd7 13. Rfe1 a6 14. a4 Qc7 15. Rac1 Rab8 {½-½ (28) Brodsky,M (2566)-Simantsev,M (2443) Sochi 2014}) 12... Na6 13. e4 Bf6 $146 {The position is equal.} ({Predecessor:} 13... Nb4 14. Re1 Bf6 15. Bf1 g6 16. a5 Qe7 17. axb6 axb6 18. Rxa8 Rxa8 19. Nc4 {0-1 (36) Hawelko,M-Ksieski,Z Tarnow 1979}) 14. Nc4 Nc7 15. Re1 (15. e5 $1 $16 {[%cal Re5f6]} dxe5 16. Re1) 15... Ba6 $11 16. Na3 {[%cal Bc4a3,Ba3b1,Bb1d2,Bd2f3][%mdl 32]} Qd7 17. Qb3 g6 18. Ncb5 (18. f4 {with more complications.} Bg7 19. Kh1 h5 20. h4 Rae8 21. Kh2) 18... Bxb5 19. axb5 Rfe8 20. Bf1 Re7 21. Nb1 Ne8 22. Nd2 Rb8 23. Kg2 Bg7 24. Bd3 Nf6 25. f4 h5 {[#]} (25... Rbe8 $11) 26. Nf3 $1 $16 Rbe8 {[%cal Rf6e4]} 27. Qc2 Qc8 {[#]} 28. Qc4 $1 Qb7 29. Re2 Kh8 30. Rae1 Qd7 (30... Rd8 $16) 31. b3 Kg8 32. Qc2 Qb7 33. Bc4 Kf8 34. Qd3 Ng4 35. h3 Nh6 36. Qc2 Qb8 37. Qd3 Qb7 $1 38. Kh2 Qd7 39. Re3 ({White should try} 39. e5 $18) 39... Kg8 40. R3e2 $2 ({Better is} 40. e5 $16) 40... Kh8 $2 (40... Kf8 $1 $11) 41. e5 {[%cal Be4e5,Be5e6][%mdl 32] White is clearly better.} Qd8 42. e6 f5 43. Kg2 Bf6 {Precision: White = 61%, Black = 45%.} 1/2-1/2

[Event "21st Alekhine Master 2017"]
[Site "Voronezh"]
[Date "2017.06.12"]
[Round "1"]
[White "Anchutin, Nikita"]
[Black "Tran, Tuan Minh"]
[Result "*"]
[WhiteElo "2282"]
[BlackElo "2542"]
[Annotator "TA"]
[PlyCount "49"]
[EventDate "2017.??.??"]
[EventType "swiss"]
[EventCountry "RUS"]
[SourceTitle "playchess.com"]
[Source "ChessBase"]
[SourceQuality "1"]

{[%evp 20,24,29,23,27,7,8]} 1. d4 Nf6 2. Nf3 e6 3. c4 b6 4. g3 Bb7 5. Bg2 Be7 6. O-O O-O 7. Nc3 Ne4 8. Bd2 c5 9. d5 exd5 10. cxd5 Nxd2 11. Nxd2 {[#] Hoping for d6!} d6 {E18: Queen's Indian: Old Main Line (4 g3 Bb7 5 Bg2 Be7 6 0-0 0-0 7 Nc3)} 12. a4 (12. Qc2 Nd7 13. Rfe1 a6 14. a4 Qc7 15. Rac1 Rab8 {½-½ (28) Brodsky,M (2566)-Simantsev,M (2443) Sochi 2014}) 12... Na6 {Predecessor:} 13. Nc4 $146 Nc7 14. Nb5 Ba6 15. Nba3 Bf6 16. Rb1 Qd7 17. b4 Bxc4 18. Nxc4 cxb4 19. Rxb4 Na6 20. Rb5 Rac8 21. Nd2 Nc5 22. Ne4 Nxe4 23. Bxe4 Rc3 24. Qb1 g6 25. a5 {½-½ (25) Baumbach,F (2375)-Tichy,V (2200) Leipzig 1978} *

[Event "21st Alekhine Master 2017"]
[Site "Voronezh"]
[Date "2017.06.13"]
[Round "2"]
[White "Popov, Ivan"]
[Black "Yeletsky, Ivan"]
[Result "1-0"]
[WhiteElo "2619"]
[BlackElo "2415"]
[Annotator "TA"]
[PlyCount "81"]
[EventDate "2017.??.??"]
[EventType "swiss"]
[EventCountry "RUS"]
[SourceTitle "playchess.com"]
[Source "ChessBase"]
[SourceQuality "1"]

{[%evp 9,81,11,11,14,19,8,14,1,23,25,72,52,77,92,84,60,94,93,111,115,108,114,119,111,120,97,88,48,37,43,92,89,110,89,120,147,108,77,55,60,63,83,93,68,122,73,103,119,108,93,88,92,164,134,254,212,212,232,275,277,375,396,422,423,424,416,554,534,701,649,29988,29989,29989,29990]} 1. e4 c5 2. Nf3 d6 3. d4 cxd4 4. Qxd4 Nf6 5. Bg5 Nc6 6. Bb5 {B53: Sicilian: 2...d6: Lines with Qxd4} Bd7 7. Qd3 Rc8 $146 {Hoping for ...Nb4.} ({Predecessor:} 7... Ng4 8. h3 Nge5 9. Nxe5 Nxe5 10. Bxd7+ Qxd7 11. Qb3 e6 12. Na3 Be7 13. Bxe7 Qxe7 14. Qb5+ Nc6 {½-½ (28) Grischuk,A (2780)-Gelfand,B (2744) Khanty-Mansiysk 2015}) 8. Nc3 {The position is equal.} e6 (8... Nb4 $5 {[%cal Rb4d3]} 9. Bxd7+ Nxd7 $14) 9. O-O-O Qa5 10. Bxc6 Bxc6 11. Bxf6 $1 gxf6 12. Kb1 Be7 13. Nd4 O-O 14. f4 {[%cal Bf2f4,Bf4f5][%mdl 32]} Kh8 15. f5 Bd7 16. Nce2 Qe5 17. g3 b5 18. Nf3 Qc5 19. Nf4 a5 {[%cal Re6f5]} 20. Nd4 {[%cal Rf5e6]} Qe5 21. Rhe1 Rfe8 22. Qd2 b4 23. Nd5 exd5 24. Nf3 $1 {[%csl LRd5,LRe5] [#]} Qxe4 $1 25. Rxe4 dxe4 26. Nd4 Bf8 ({Black should try} 26... d5 $14) 27. Qe3 {[%mdl 1024] White has strong compensation.} Re5 28. g4 a4 29. Ne2 Bb5 {[#]} 30. Ng3 $1 Rec5 (30... a3 $16) 31. Nxe4 Rxc2 {[#]} (31... Re5 $16 {was called for.}) 32. Nc3 $1 $18 {[%cal Rc3b5]} ({Weaker is} 32. Nxf6 Bg7 $14) ({And not} 32. Nxd6 Bxd6 33. Rxd6 Re2 $11) 32... Rxb2+ 33. Kxb2 bxc3+ 34. Kc2 Bc4 35. Qa7 Be2 36. Rd4 Kg7 37. Qxa4 Rc5 38. Rb4 d5 {Black wants to play ...Bd3+.} 39. Rb7 Bf3 {Threatening ...d4.} 40. Qe8 Be4+ 41. Kb3 {Precision: White = 83%, Black = 38%.} 1-0

[Event "21st Alekhine Master 2017"]
[Site "Voronezh"]
[Date "2017.06.13"]
[Round "2"]
[White "Chigaev, Maksim"]
[Black "Nozdrachev, Leonid"]
[Result "1-0"]
[WhiteElo "2561"]
[BlackElo "2411"]
[Annotator "TA"]
[PlyCount "81"]
[EventDate "2017.??.??"]
[EventType "swiss"]
[EventCountry "RUS"]
[SourceTitle "playchess.com"]
[Source "ChessBase"]
[SourceQuality "1"]

{[%evp 13,81,12,19,12,30,18,33,26,40,39,52,26,14,5,12,12,17,14,14,14,21,16,29,21,114,129,199,205,238,252,245,225,239,231,218,217,216,112,135,156,161,92,208,223,273,282,743,739,739,730,971,943,924,885,1928,1652,1386,2343,2297,1406,1431,1355,1422,1444,1133,928,916,866,862,859]} 1. e4 e5 2. Nf3 Nc6 3. Bc4 Nf6 4. d3 Bc5 5. O-O O-O 6. h3 d6 7. c3 Bb6 8. a4 {C54: Giuoco Piano: 4 c3 Nf6, main lines with 5 d4 and 5 d3} a6 9. Re1 Be6 10. Nbd2 {White is slightly better.} Qe8 $146 ({Predecessor:} 10... Nh5 11. Bxe6 fxe6 12. Nc4 Ba7 13. Be3 Bxe3 14. Rxe3 Nf4 15. b4 {½-½ (49) Areshchenko,A (2682)-Neverov,V (2477) Sharjah 2017}) 11. b4 Nh5 12. a5 Ba7 13. Nf1 Bxc4 14. dxc4 Qe6 15. Ne3 Bxe3 16. Bxe3 Nf4 17. Bxf4 exf4 18. Qd5 Qf6 (18... Rfe8 $11 {keeps the balance.}) 19. b5 $1 $16 {[%cal Rb5c6]} axb5 (19... Nd8 $16 {is a better defense.}) 20. a6 $1 $18 {[%cal Ba5a6,Ba6b7][%mdl 32]} b4 21. axb7 Rxa1 22. Rxa1 Nb8 23. e5 dxe5 24. cxb4 e4 25. Ne5 (25. Nd4 $1 $18 Re8 26. Re1) 25... Re8 $16 26. Rd1 $1 ({Not} 26. Qxe4 Qxe5 27. Qxe5 Rxe5 $11) 26... e3 {[#] And now ...e2 would win.} 27. Nf3 (27. Nd7 $1 $18 {[%cal Rd7f6]} Qh4 28. fxe3 fxe3 29. Rf1) 27... Qb6 {[#]} (27... c6 $16 28. Qc5 Qe6) 28. fxe3 $1 $40 {[%mdl 128] White attacks with force.} fxe3 {Hoping for ...e2+.} 29. c5 c6 $2 (29... Qf6 30. b5 e2) 30. cxb6 {Intending Qd8 and mate.White is clearly winning.} cxd5 31. Rxd5 {[%mdl 4096] Endgame KRN-KRN} f6 32. Rc5 Kf7 33. Rc7+ Ke6 34. Nd4+ Kd6 35. Nf5+ Kd5 36. Rc8 Re6 37. Rd8+ Ke4 38. Ng3+ Kf4 39. Ne2+ Kg5 40. Rxb8 Rxb6 41. g3 {Precision: White = 77%, Black = 34%.} 1-0

[Event "21st Alekhine Master 2017"]
[Site "Voronezh"]
[Date "2017.06.13"]
[Round "2"]
[White "Shaposhnikov, Evgeny"]
[Black "Shagbazyan, Taron"]
[Result "1-0"]
[WhiteElo "2557"]
[BlackElo "2406"]
[Annotator "TA"]
[PlyCount "99"]
[EventDate "2017.??.??"]
[EventType "swiss"]
[EventCountry "RUS"]
[SourceTitle "playchess.com"]
[Source "ChessBase"]
[SourceQuality "1"]

{[%evp 9,99,12,12,0,2,-2,10,-19,-7,-11,-11,-18,-11,-15,-25,-55,-55,-54,-7,-27,-25,-19,-22,-20,0,0,0,0,0,-8,41,39,60,54,79,58,61,51,51,51,51,51,52,51,51,51,63,45,87,37,107,66,155,122,177,183,137,145,134,45,46,24,31,38,55,61,288,179,153,156,156,82,382,381,838,835,820,724,1130,1054,12841,12841,12841,12841,12842,12829,12843,12843,12845,12845,12845,12846]} 1. e4 e5 2. Nf3 Nf6 3. Nxe5 d6 4. Nf3 Nxe4 5. c4 Nc6 {[%cal Bb8c6,Bc6e5,Be5f3][%mdl 32]} 6. Bd3 {C42: Petroff Defence: 3 Nxe5 and unusual White 3rd moves} Nf6 7. Nc3 $146 ({Predecessor:} 7. O-O Be7 8. h3 O-O 9. Nc3 d5 10. cxd5 Nb4 11. Bb1 Nbxd5 12. d4 h6 13. Re1 Be6 {½-½ (31) Arencibia Rodriguez,W (2536)-Bluvshtein,M (2548) Montreal 2008}) 7... Be7 8. Bc2 {The position is equal.} Ne5 9. Qe2 Bg4 10. d4 Nxf3+ 11. gxf3 Bh5 12. Rg1 O-O 13. Bf4 Kh8 14. O-O-O Qd7 15. d5 Bg6 16. Be3 Nh5 17. f4 $36 {[%mdl 2048] Strongly threatening f5! White has some pressure.} Bxc2 18. Qxc2 Qh3 19. Ne4 Qf5 20. Ng3 Nxg3 21. hxg3 Qxc2+ $1 22. Kxc2 f5 23. Bd4 Kg8 24. Rge1 Bf6 25. Bxf6 Rxf6 $14 {[%mdl 4096] Endgame KRR-KRR} 26. Rd3 Kf8 27. Rde3 Rc8 28. b4 a6 29. Kb3 h5 ({Black should play} 29... Rh6 $14) 30. Re7 h4 (30... b6 $14) 31. gxh4 $16 Rh6 (31... b6 $16 {is a better defense.}) 32. Rd7 $1 $18 Rxh4 33. Ree7 Rxf4 34. Rxg7 ({White should try} 34. Rf7+ $16 Ke8 35. Rde7+ Kd8 36. Rxg7) 34... Rf3+ $14 35. Kc2 Rxf2+ 36. Kd3 Rf3+ 37. Kd2 {[%mdl 1024] White has compensation.} Rf2+ $2 (37... Rf4 $14) 38. Ke3 $18 Rf1 {[#]} 39. Rdf7+ $1 ({And not} 39. Rxc7 Re8+ 40. Kd3 Rf3+ 41. Kd2 Rf2+ 42. Kd3 Rf3+ 43. Kd2 Rf2+ 44. Kd1 Ree2 $11) 39... Ke8 40. c5 (40. Rf6 $142) 40... Re1+ $2 {[%mdl 8192]} (40... dxc5 $16 {was necessary.} 41. bxc5 Rd1) 41. Kf2 Re5 $2 {[#]} (41... Re4 42. Kf3 (42. Rxf5 Re7 $11) 42... a5) 42. c6 $1 {[%cal Rc6b7] White is clearly winning.} bxc6 43. dxc6 a5 44. Rh7 f4 45. Rd7 {[%cal Rh7h8]} Rf5 46. b5 a4 47. Rh8+ Rf8 48. Rdh7 {Intending Rxf8+ and mate.} Rd8 49. b6 cxb6 50. c7 {Precision: White = 65%, Black = 39%.} 1-0

[Event "21st Alekhine Master 2017"]
[Site "Voronezh"]
[Date "2017.06.13"]
[Round "2"]
[White "Mozharov, Mikhail"]
[Black "Elistratov, Semen"]
[Result "1-0"]
[WhiteElo "2536"]
[BlackElo "2403"]
[Annotator "TA"]
[PlyCount "69"]
[EventDate "2017.??.??"]
[EventType "swiss"]
[EventCountry "RUS"]
[SourceTitle "playchess.com"]
[Source "ChessBase"]
[SourceQuality "1"]

{[%evp 11,69,21,29,13,13,10,6,8,8,6,6,10,55,30,41,45,80,84,89,80,83,73,126,52,84,62,79,0,155,115,147,122,133,138,203,196,192,197,201,206,619,585,618,612,675,366,381,385,375,378,410,385,466,460,475,434,625,615,1417,1394]} 1. d4 Nf6 2. c4 e6 3. Nf3 d5 4. Nc3 Nbd7 5. cxd5 exd5 6. Bf4 Bb4 7. Qc2 {D35: Queen's Gambit Declined: Exchange Variation} Ne4 $146 ({Predecessor:} 7... O-O 8. e3 c5 9. Be2 c4 10. O-O Nb6 11. a3 Bxc3 12. bxc3 Ne4 13. a4 Bf5 14. Qb2 Qe7 {1-0 (43) Andreikin,D (2718)-Bruzon Batista,L (2677) Havana 2015}) 8. a3 Bxc3+ $1 9. bxc3 {The position is equal.} c5 10. Nd2 Nxd2 11. Qxd2 Nf6 12. f3 O-O 13. dxc5 Bf5 14. Qd4 Rc8 15. g4 {[%cal Bg2g4,Bg4h5,Bh5h6][%mdl 32]} Be6 16. Rb1 Qa5 (16... b6 $142) 17. Qb4 (17. Bd6 $16) 17... Qd8 $1 $14 18. Bd6 $36 {[%mdl 2048] White is more active.} Re8 19. Qxb7 (19. e3 $1 $16) 19... h5 $2 ({Black should try} 19... d4 $1 $11 20. cxd4 Bd5) 20. gxh5 $1 $16 {Black must now prevent h6.} (20. Qxa7 hxg4 21. Kd1 Nd7 $15) 20... d4 {[#]} 21. Qb4 $1 {[%cal Rb4d4]} ({Don't play} 21. Qxa7 $6 Nd5 $14) 21... dxc3 22. h6 {aiming for Rg1.} Bd5 (22... Nd5 $16 23. Qd4 Qg5) 23. Rg1 $18 {[%cal Bh1g1,Bg1g3,Bg3g5][%mdl 32]} g6 {[#] intending ...Bxf3.} 24. Rg3 $1 Nh5 25. Qd4 ({Much less strong is} 25. Qxc3 $6 Qxd6 26. Qg7+ Nxg7 $16) 25... Qa5 $2 (25... Bc6 26. Qxc3 Kh7) 26. Rc1 ({Less strong is} 26. h7+ Kxh7 27. Kf2 c2 $16) 26... c2+ 27. Kf2 Bb3 28. Rg5 {Rxh5! would kill now.} Qa4 29. Qxa4 Bxa4 30. Rg4 Bd7 31. Rc4 Re6 32. R4xc2 {White is clearly winning.} Ba4 33. Rc3 f5 {[#]} (33... Rce8 $142 34. e4 g5 35. h7+ Kxh7) 34. e4 $1 {And now Bc4 would win.} Bc6 (34... fxe4 35. Bc4) 35. Bc4 {Precision: White = 66%, Black = 36%.} 1-0

[Event "21st Alekhine Master 2017"]
[Site "Voronezh"]
[Date "2017.06.13"]
[Round "2"]
[White "Swapnil, S  Dhopade"]
[Black "Bakunts, Rafael"]
[Result "1/2-1/2"]
[WhiteElo "2533"]
[BlackElo "2397"]
[Annotator "TA"]
[PlyCount "62"]
[EventDate "2017.??.??"]
[EventType "swiss"]
[EventCountry "RUS"]
[SourceTitle "playchess.com"]
[Source "ChessBase"]
[SourceQuality "1"]

{[%evp 9,62,7,11,6,15,17,0,0,0,0,0,0,-1,-5,0,-15,4,-47,-17,-23,0,-35,-29,-42,-29,-47,-22,-65,-69,-71,-50,-45,-36,-37,-40,-44,-47,-35,-25,-129,-108,-165,-108,-112,-111,-131,-126,-125,-136,-124,0,-131,0,-137,0]} 1. d4 d5 2. c4 c6 3. Nf3 Nf6 4. g3 dxc4 5. Bg2 g6 6. O-O {D11: Slav Defence: 3 Nf3 sidelines and 3...Nf6 4 e3 Bg4} Bg7 (6... Nbd7 7. Qc2 Nb6 8. Nbd2 Bg7 9. Rd1 O-O 10. a4 a5 11. e4 Bg4 12. h3 Bxf3 13. Nxf3 {1-0 (24) Grischuk,A (2752)-Aronian,L (2784) chess.com INT 2016}) 7. a4 Ne4 8. Qc2 {The position is equal.} Nd6 9. Nbd2 O-O 10. Nxc4 Bf5 11. Qc3 $1 Na6 {[%cal Bb8a6,Ba6c7,Bc7d5,Bd5b4][%mdl 32]} 12. Nce5 Qb6 $146 ({Predecessor:} 12... Be4 13. Bh3 Nf5 14. Be3 {½-½ (74) Matnadze,A (2428)-Perpinya Rofes,L (2395) Barbera del Valles 2011}) 13. Nd3 (13. Bf4 $11) 13... Nc7 14. Rd1 Nd5 15. Qa3 a5 ({Not} 15... Bxd4 $2 16. a5 $18) 16. Bg5 Rfe8 17. Qc5 Qa6 18. Qc1 Bxd3 19. Rxd3 Nb4 $36 {[%mdl 2048] Black fights for an advantage.} 20. Re3 e6 21. Bf1 Qb6 22. Rb3 Bxd4 23. Nxd4 Qxd4 24. Rf3 (24. Bg2 $11) 24... f5 25. Rf4 (25. Rc3 $17 {is a better defense.}) 25... Qg7 ({Black should play} 25... Ne4 $19 26. Bh6 e5) 26. Rh4 $17 e5 {[%cal Be6e5,Be5e4][%mdl 32]} 27. f3 {[#]} e4 $1 28. Bh6 Qf6 29. Bg5 Qg7 30. Bh6 $1 {[%cal Rh6g7]} Qf6 31. Bg5 $1 {[%cal Rg5f6]} Qg7 {Precision: White = 60%, Black = 58%.} (31... Qd4+ $17 32. Be3 Qe5) 1/2-1/2